00651nam a22001935i 450000100060000000300090000600500170001500700030003200800410003504000200007610000280009624500600012426000370018430000410022165000320026285200210029499900170031595201250033248278ES-MaACL20230906161726.0t|950711s1879 fr a ||||1| fre d aCAM bspa cCAM1 aChoisy, Auguste.93859412aL'art de batir chez les romains / cpar Auguste Choisy. aParis : bDuchez et Cie, c1879. a216 p., XXIV h. de lám. ; c42 cm. 4aArquitectura romana.910056 aES-MaACLjG-4216 c48278d48278 001040708LIBXIXaATENEOMbATENEOMcDEPO2d2008-01-17eSCl0oG-4216p1050810r2023-02-23 00:00:00w2023-02-23yMONANT